Report of the commissioner of police of the metropolis for the year 1969 (Record no. 410815)

000 -LEADER
fixed length control field 00318cam a22000977a 4500
008 - FIXED-LENGTH DATA ELEMENTS--GENERAL INFORMATION
fixed length control field 180718b1969 xxu||||| |||| 00| 0 eng d
245 ## - TITLE STATEMENT
Title Report of the commissioner of police of the metropolis for the year 1969
Statement of responsibility, etc. By HMSO
260 ## - PUBLICATION, DISTRIBUTION, ETC.
Place of publication, distribution, etc. London
Name of publisher, distributor, etc. Her majesty's atationery office
Date of publication, distribution, etc. 1969
300 ## - PHYSICAL DESCRIPTION
Extent 103p
650 ## - SUBJECT ADDED ENTRY--TOPICAL TERM
Topical term or geographic name entry element Development
Holdings
Withdrawn status Lost status Damaged status Not for loan Permanent Location Current Location Date acquired Full call number Barcode Date last seen Price effective from Koha item type
        Indian Institute of Public Administration Indian Institute of Public Administration 2009-01-21 N406x42 Un3 1978 DA5215 2018-07-21 2018-07-21 DA
        Indian Institute of Public Administration Indian Institute of Public Administration 2009-01-21   DA2023 2018-07-21 2018-07-21 DA

Powered by Koha